Mediación familiar. Un enfoque integral de la familia y su contexto legal.
-д хадгалсан:
| Үндсэн зохиолч: | |
|---|---|
| Бусад зохиолчид: | , |
| Формат: | Ном |
| Хэл сонгох: | англи |
| Хэвлэсэн: |
Santiago, Chile:
Ediciones Universidad Católica Silva Henríquez (UCSH),
2010.
|
| Хэвлэл: | Segunda edición actualizada. |
| Нөхцлүүд: | |
| Шошгууд: |
Шошго нэмэх
Шошго байхгүй, Энэхүү баримтыг шошголох эхний хүн болох!
|
MARC
| LEADER | 00000nam a22000007a 4500 | ||
|---|---|---|---|
| 003 | CL-VaPUC | ||
| 005 | 20240910110316.0 | ||
| 008 | 240822t2010 ||||| |||| 00| 0 eng d | ||
| 999 | |c 444487 |d 444485 | ||
| 020 | |a 956-7947-18-X | ||
| 040 | |c Pontificia Universidad Católica de Valparaíso | ||
| 082 | |2 22 |a 347.28309 DON 2010 | ||
| 100 | |9 439640 |a Donoso Díaz, María de la Paz |e autora | ||
| 245 | |a Mediación familiar. |b Un enfoque integral de la familia y su contexto legal. | ||
| 250 | |a Segunda edición actualizada. | ||
| 260 | |a Santiago, Chile: |b Ediciones Universidad Católica Silva Henríquez (UCSH), |c 2010. | ||
| 300 | |a 387 páginas. | ||
| 500 | |a c.1 Donación MEMO Biblioteca Mayor de Educación 14/08/2024. | ||
| 583 | |c 20240822 |k Yessy Sthefany Diaz Vidal | ||
| 650 | 0 | |9 466593 |a Mediación familiar |x Separación y divorcio |v Aspectos jurídicos y sociales |z Chile | |
| 650 | 0 | |9 255603 |a Derecho de familia |x Resolución de conflictos |z Chile | |
| 700 | |9 890761 |a Rodríguez, Sara Llona |e autora | ||
| 700 | |9 890762 |a Salgado Menchaca, Clara |e autora | ||
| 942 | |2 ddc |c BK | ||
| 952 | |0 0 |1 0 |2 ddc |4 0 |6 347_283090000000000_DON_2010 |7 0 |8 A |9 596347 |a BIBEDU |b BIBEDU |d 2024-08-22 |e Donación |i 5662430 |o 347.28309 DON 2010 |p 5662430 |r 2024-08-22 |t 1 |w 2024-08-22 |y BK |k PSI | ||